000 00298nam a22001337a 4500
008 170406b xxu||||| |||| 00| 0 eng d
020 _a9780683047356
041 _aeng
080 _a616.15
100 _a9
101 _aSHM
245 _aNEOPLASTIC HEMATOPATHOLOGY
_cKNOWLES, D.M
942 _2udc
_cBK
999 _c9911
_d9911